Farewell to Manzanar : (Record no. 162594)
[ view plain ]
| 000 -LEADER | |
|---|---|
| fixed length control field | 01392cam a2200349 i 4500 |
| 001 - CONTROL NUMBER | |
| control field | vtls003216137 |
| 003 - CONTROL NUMBER IDENTIFIER | |
| control field | MY-SjTCS |
| 005 - DATE AND TIME OF LATEST TRANSACTION | |
| control field | 20200226120330.0 |
| 008 - FIXED-LENGTH DATA ELEMENTS--GENERAL INFORMATION | |
| fixed length control field | 110418t20022002mau 000 0aeng |
| 020 ## - INTERNATIONAL STANDARD BOOK NUMBER | |
| International Standard Book Number | 9780618216208 (hardback) |
| 020 ## - INTERNATIONAL STANDARD BOOK NUMBER | |
| International Standard Book Number | 0618216200 (hardback) |
| 039 #9 - LEVEL OF BIBLIOGRAPHIC CONTROL AND CODING DETAIL [OBSOLETE] | |
| Level of rules in bibliographic description | 201809071419 |
| Level of effort used to assign nonsubject heading access points | VLOAD |
| Level of effort used to assign subject headings | 201508131042 |
| Level of effort used to assign classification | shuhada |
| Level of effort used to assign subject headings | 201105251755 |
| Level of effort used to assign classification | wilmina |
| Level of effort used to assign subject headings | 201104181529 |
| Level of effort used to assign classification | izani |
| -- | 201102281108 |
| -- | malathy |
| 040 ## - CATALOGING SOURCE | |
| Description conventions | rda |
| 043 ## - GEOGRAPHIC AREA CODE | |
| Geographic area code | a-ja--- |
| -- | n-us--- |
| -- | n-us-ca |
| 082 04 - DEWEY DECIMAL CLASSIFICATION NUMBER | |
| Classification number | 940.547273 |
| Item number | HOU 2002 |
| 100 1# - MAIN ENTRY--PERSONAL NAME | |
| Personal name | Houston, Jeanne Wakatsuki. |
| 9 (RLIN) | 50685 |
| 245 10 - TITLE STATEMENT | |
| Title | Farewell to Manzanar : |
| Remainder of title | a true story of Japanese American experience during and after the World War II internment / |
| Statement of responsibility, etc. | Jeanne Wakatsuki Houston and James D. Houston. |
| 264 #1 - PRODUCTION, PUBLICATION, DISTRIBUTION, MANUFACTURE, AND COPYRIGHT NOTICE | |
| Place of production, publication, distribution, manufacture | Boston : |
| Name of producer, publisher, distributor, manufacturer | Houghton Mifflin, |
| Date of production, publication, distribution, manufacture, or copyright notice | [2002] |
| 264 #4 - PRODUCTION, PUBLICATION, DISTRIBUTION, MANUFACTURE, AND COPYRIGHT NOTICE | |
| Date of production, publication, distribution, manufacture, or copyright notice | ©2002 |
| 300 ## - PHYSICAL DESCRIPTION | |
| Extent | xiv, 188 pages ; |
| Dimensions | 22 cm. |
| 336 ## - CONTENT TYPE | |
| Content type term | text |
| Source | rdacontent |
| 337 ## - MEDIA TYPE | |
| Media type term | unmediated |
| Source | rdamedia |
| 338 ## - CARRIER TYPE | |
| Carrier type term | volume |
| Source | rdacarrier |
| 500 ## - GENERAL NOTE | |
| General note | Originally published: Boston : Houghton Mifflin, 1973. With new afterword. |
| 600 10 - SUBJECT ADDED ENTRY--PERSONAL NAME | |
| Personal name | Houston, Jeanne Wakatsuki. |
| 9 (RLIN) | 50685 |
| 610 20 - SUBJECT ADDED ENTRY--CORPORATE NAME | |
| Corporate name or jurisdiction name as entry element | Manzanar War Relocation Center. |
| 650 #0 - SUBJECT ADDED ENTRY--TOPICAL TERM | |
| Topical term or geographic name entry element | Japanese Americans |
| General subdivision | Evacuation and relocation, 1942-1945. |
| 650 #0 - SUBJECT ADDED ENTRY--TOPICAL TERM | |
| Topical term or geographic name entry element | World War, 1939-1945 |
| General subdivision | Concentration camps |
| Geographic subdivision | California. |
| 650 #0 - SUBJECT ADDED ENTRY--TOPICAL TERM | |
| Topical term or geographic name entry element | Japanese Americans |
| Form subdivision | Biography. |
| 700 1# - ADDED ENTRY--PERSONAL NAME | |
| Personal name | Houston, James D. |
| 9 (RLIN) | 51723 |
| 920 ## - Programme | |
| Programme | ADP : 161009 |
| Withdrawn status | Lost status | Source of classification or shelving scheme | Damaged status | Not for loan | Home library | Current library | Date acquired | Cost, normal purchase price | Total Checkouts | Barcode | Date last seen | Date last checked out | Copy number | Uniform Resource Identifier | Cost, replacement price | Koha item type | Public note |
|---|---|---|---|---|---|---|---|---|---|---|---|---|---|---|---|---|---|
| Dewey Decimal Classification | Taylor's Library-TU | Taylor's Library-TU | 01/04/2011 | 46.75 | 22 | 5000114120 | 05/12/2019 | 23/10/2015 | 1 | Floor 4, Shelf 37 , Side 1, TierNo 2, BayNo 3 | 46.75 | Main Collection | SLASx,05000,02,GR |